Statistics for Harry potter Deathly hallows part 1

Click here to take the quiz!

General Stats

  • This quiz has been taken 106 times
    (63 since last reset)
  • The average score is 22 of 28

Answer Stats

HintAnswer% Correct
Name Harry's protector in the 7 harry'sHagrid
100%
The name of the person who destroys the locketRon Weasley
100%
Name of Mundungus protector in the 7 harry'smad eye
98%
The most powerful wandElder wand,
95%
Name of Fleur's protector in the 7 harry'sBill
93%
The name of the cloakInvisibility cloak
93%
Name of the spell hermione uses on her parentsobliviate
93%
Who is disarms dracoHarry
91%
Name of Fred's protector in the 7 harry'sArthur
88%
The owner of the voice who gives the warningKingsley
88%
Name Hermione's protector in the 7 harry'sKingsley
88%
Name of the person's wand voldermort takesLucius malfoy
88%
Name of George's protector in the 7 harry'sLupin
88%
Name Ron's protector in the 7 harry'sTonks
88%
The stone that can recall the deadresurrection stone
86%
the place were there takenMalfoy manor
80%
the words carved in to hermionemudblood
80%
Name of the day harry and hermione went to godric's hollowchristmas eve
77%
The animal that appeared as a patrous to harryDoe
75%
Name of the 2 elves that bring mundungus to harryKreacher & Dobby
70%
Name of the group that capture the trioSnatchers
68%
The person harry speaks to at the weddingelphias doge
63%
Place were the group escape toShell cottage
57%
The Drink the trio order in the cafecappuccino
55%
Name of the death eater faced in the ministryYaxley
55%
Name of the person giving the speech at the beginning of the flimRufus scrimgeour
45%
The name of rita skeeker's bookThe life and lies of albus dumbledore
41%
the three people already in dungeonsLuna Ollivander Griphook
34%

Score Distribution

Percentile by Number Answered

Percent of People with Each Score

Your Score History

You have not taken this quiz since the last reset